Specialites Terminale - Statistiques

Statistiques générales
  • Ce quiz a été pris 88 fois
  • Le résultat moyen est 7 sur 8
Statistiques - réponses
Numéro Réponse % Correct
7 Maths
97%
5 HGGSP
95%
8 Physique-Chimie
95%
4 SVT
91%
3 SES
88%
2 HLP
83%
1 LLCE
76%
6 NSI
64%
Aucun quiz correspondant
Distribution des résultats
% des personnes avec chaque résultat
Percentile par nombre de réponses
Votre historique - résultats
Vous n’avez pas pris ce quiz